000
00323nam a2200121Ia 4500
008
230822s2016 xx 000 0 und d
020
_a
9790000000000
041
_a
eng
100
_a
FREDERICK M. AND MEHTA V.
245
_a
101 THINGS I LEARNED IN URBAN DESIGN SCHOOL
260
_b
THREE RIVERS PRESS
_c
2016
300
_a
424
999
_c
859887
_d
859887